[Event "HUN-ch U18"]
[Site "Budapest"]
[Date "2010.06.29"]
[Round "4"]
[White "Fenyvesi, Tamas"]
[Black "Halak, Miklos"]
[Result "0-1"]
[WhiteElo "1812"]
[BlackElo "2056"]
[PlyCount "46"]
[EventDate "2010.06.26"]
[EventType "swiss"]
[EventRounds "9"]
[EventCountry "HUN"]
[SourceTitle "CBM 137 Extra"]
[Source "ChessBase"]
[SourceDate "2010.09.01"]
[SourceVersion "1"]
[SourceVersionDate "2010.09.01"]
[SourceQuality "1"]

1. d4 d5 2. c4 c6 3. Nf3 Nf6 4. Nc3 dxc4 5. a4 Bf5 6. e3 e6 7. Bxc4 Bb4 8. 0-0 0-0 9. Qe2 h6 10. e4 Bh7 11. Bd3 Nbd7 12. Bf4 Re8 13. h3 c5 14. Nb5 Ba5 15. Nd6 Rf8 16. Nxb7 Qb6 17. Nxa5 Qxa5 18. Bd6 Rfe8 19. Rfc1 cxd4 20. Nxd4 a6 21. Nc6 Qg5 22. a5 e5 23. Ra4 Qxc1+ 0-1

[Event "HUN-chT U18"]
[Site "Miskolc"]
[Date "2009.10.27"]
[Round "2.11"]
[White "Fenyvesi, Tamas"]
[Black "Balog, Imre1111"]
[Result "0-1"]
[WhiteElo "1847"]
[BlackElo "2464"]
[PlyCount "66"]
[EventDate "2009.10.26"]
[EventType "team-swiss"]
[EventRounds "8"]
[EventCountry "HUN"]
[SourceTitle "EXT 2016"]
[Source "ChessBase"]
[SourceDate "2015.10.08"]
[SourceVersion "1"]
[SourceVersionDate "2015.10.08"]
[SourceQuality "1"]

1. d4 Nf6 2. Nf3 g6 3. g3 Bg7 4. Bg2 d5 5. 0-0 c6 6. e3 0-0 7. Nbd2 Bf5 8. b3 a5 9. c4 Na6 10. Ba3 Nb4 11. Bxb4 axb4 12. Re1 Ra3 13. Ne5 Nd7 14. Nxd7 Qxd7 15. cxd5 cxd5 16. Nf3 Rc8 17. Ne5 Qd6 18. Qf3 Be6 19. e4 Rc3 20. Qe2 Ra8 21. exd5 Bxd5 22. Bxd5 Qxd5 23. Qe4 Qxe4 24. Rxe4 Rxb3 25. axb3 Rxa1+ 26. Kg2 Rd1 27. Nd7 e6 28. Nc5 Bxd4 29. Nxb7 Rd2 30. Rf4 e5 31. Rf3 e4 32. Rf4 e3 33. Nd6 Be5 0-1

[Event "Budapest FS08 FM-C"]
[Site "Budapest"]
[Date "2009.08.09"]
[Round "9"]
[White "Simon, Tamas"]
[Black "Fenyvesi, Tamas"]
[Result "0-1"]
[WhiteElo "1808"]
[BlackElo "1794"]
[PlyCount "92"]
[EventDate "2009.08.01"]
[EventType "tourn"]
[EventRounds "13"]
[EventCountry "HUN"]
[SourceTitle "CBM 131 Extra"]
[Source "ChessBase"]
[SourceDate "2009.09.03"]
[SourceVersion "2"]
[SourceVersionDate "2009.09.16"]
[SourceQuality "1"]

1. e4 c5 2. Nc3 d6 3. Nf3 g6 4. Bc4 Bg7 5. 0-0 Nc6 6. Ne2 Nf6 7. Ng3 0-0 8. c3 e5 9. d4 Nd7 10. Bg5 Ne7 11. dxe5 dxe5 12. Qd6 Re8 13. Bb5 h6 14. Be3 Qb6 15. Qxb6 axb6 16. Rfd1 Nc6 17. Bxc6 bxc6 18. Rd6 Nb8 19. Rad1 Be6 20. Rd8 Na6 21. Rxe8+ Rxe8 22. a3 b5 23. Rd6 Rc8 24. Ne2 Bb3 25. Nc1 Bc2 26. Nd2 Bf8 27. Rf6 Be7 28. Rf3 Rd8 29. Kf1 Bxe4 30. Nxe4 f5 31. Bxh6 fxe4 32. Rg3 Kf7 33. Ke2 b4 34. axb4 cxb4 35. Re3 Rh8 36. Rh3 g5 37. Bxg5 Rxh3 38. Bxe7 bxc3 39. b4 Rxh2 40. Bc5 Nxc5 41. bxc5 Rxg2 42. Ke3 c2 43. Nb3 Rg1 44. Kxe4 c1Q 45. Nxc1 Rxc1 46. Kxe5 Rxc5+ 0-1

[Event "HUN-chT U18"]
[Site "Miskolc"]
[Date "2008.10.29"]
[Round "4.22"]
[White "Fenyvesi, Tamas"]
[Black "Juhasz, Gabor"]
[Result "1-0"]
[WhiteElo "1733"]
[BlackElo "1945"]
[PlyCount "69"]
[EventDate "2008.10.27"]
[EventType "team-swiss"]
[EventRounds "8"]
[EventCountry "HUN"]
[SourceTitle "EXT 2016"]
[Source "ChessBase"]
[SourceDate "2015.10.08"]
[SourceVersion "1"]
[SourceVersionDate "2015.10.08"]
[SourceQuality "1"]

1. d4 d5 2. c4 Nf6 3. Nf3 Bg4 4. e3 Bxf3 5. Qxf3 e6 6. Nc3 Bb4 7. Bd2 Nc6 8. a3 Bxc3 9. Bxc3 0-0 10. Bd3 a6 11. 0-0 Nd7 12. cxd5 exd5 13. Qxd5 Ne7 14. Qxb7 Nb6 15. Bb4 Nbd5 16. Bxe7 Nxe7 17. Rfc1 c6 18. Qb3 Rb8 19. Qc3 Qd6 20. Bxa6 Rb6 21. Be2 Nf5 22. b4 h6 23. Qc5 Qxc5 24. Rxc5 Nd6 25. Rac1 Rc8 26. d5 Ne4 27. Rxc6 Rbxc6 28. Rxc6 Rd8 29. f3 Nd6 30. e4 Ne8 31. a4 Rb8 32. b5 Ra8 33. Bd1 Rd8 34. a5 Nf6 35. a6 1-0